[Event "Moscow op-A 15th"]
[Site "Moscow"]
[Date "2019.02.01"]
[Round "7"]
[White "Muslimov, Evgeny"]
[Black "Demianjuk, Alexander"]
[Result "1/2-1/2"]
[WhiteElo "2244"]
[BlackElo "2360"]
[PlyCount "81"]
[EventDate "2019.01.26"]
[EventType "swiss"]
[EventRounds "9"]
[EventCountry "RUS"]
[SourceTitle "CBM 188 Extra"]
[Source "ChessBase"]
[SourceDate "2019.02.26"]
[SourceVersion "1"]
[SourceVersionDate "2019.02.26"]
[SourceQuality "1"]

1. e4 c5 2. Nf3 e6 3. c4 Nc6 4. Nc3 Nf6 5. d4 cxd4 6. Nxd4 Bb4 7. Nxc6 bxc6 8. Bd3 e5 9. Qc2 0-0 10. 0-0 d6 11. Na4 d5 12. a3 dxe4 13. Bxe4 Nxe4 14. Qxe4 Be7 15. Qxe5 Bf6 16. Qe4 Re8 17. Qc2 g6 18. Be3 Bf5 19. Qc1 Rb8 20. Nc3 Qd3 21. Bxa7 Rb3 22. a4 Qxc4 23. a5 Qb4 24. Ra4 Qb7 25. Bd4 Bxd4 26. Rxd4 Rxb2 27. g4 Rc2 28. Qa3 c5 29. Nd5 Ra8 30. Rdd1 Be6 31. Ne3 Ra2 32. Qxc5 R2xa5 33. Rd8+ Rxd8 34. Qxa5 Rd4 35. Qa1 Qe4 36. Rd1 Rxd1+ 37. Qxd1 Qe5 38. Qf3 Kg7 39. h3 h6 40. Qg3 Qxg3+ 41. fxg3 1/2-1/2

[Event "Moscow op-A 15th"]
[Site "Moscow"]
[Date "2019.01.30"]
[Round "5"]
[White "Muslimov, Evgeny"]
[Black "Gabrielian, Artur"]
[Result "1-0"]
[WhiteElo "2244"]
[BlackElo "2490"]
[PlyCount "121"]
[EventDate "2019.01.26"]
[EventType "swiss"]
[EventRounds "9"]
[EventCountry "RUS"]
[SourceTitle "CBM 188 Extra"]
[Source "ChessBase"]
[SourceDate "2019.02.26"]
[SourceVersion "1"]
[SourceVersionDate "2019.02.26"]
[SourceQuality "1"]

1. e4 c5 2. Nf3 Nc6 3. d4 cxd4 4. Nxd4 Nf6 5. Nc3 d6 6. f3 e5 7. Nb3 Be7 8. Be3 Be6 9. Qd2 d5 10. exd5 Nxd5 11. Nxd5 Qxd5 12. Qxd5 Bxd5 13. 0-0-0 0-0-0 14. Bb5 Kc7 15. Rd2 Be6 16. c3 Rxd2 17. Kxd2 a6 18. Bd3 f5 19. Nc5 Bc8 20. b4 Rd8 21. Kc2 g6 22. a4 b6 23. Nxa6+ Bxa6 24. Bxa6 Bxb4 25. Bb5 Be7 26. Rb1 Na5 27. Ba6 Rb8 28. g4 f4 29. Bf2 Nc6 30. Kd3 Nd8 31. Bc4 Bd6 32. Ke4 Nc6 33. Kd5 Bc5 34. Bxc5 Rd8+ 35. Ke4 bxc5 36. Bd5 Ra8 37. Ra1 Rb8 38. Bxc6 Kxc6 39. Kxe5 Rb3 40. Rc1 Ra3 41. Kxf4 Kd5 42. Kg5 Rxa4 43. Rd1+ Kc4 44. Rd7 h5 45. Kxg6 hxg4 46. fxg4 Kxc3 47. Kf5 Rd4 48. Rc7 Rd5+ 49. Kg6 Kd3 50. h4 c4 51. h5 Rd6+ 52. Kg7 Rd5 53. Kf6 Rd6+ 54. Kf7 c3 55. g5 Rd5 56. Kf6 Rd6+ 57. Ke5 Rd4 58. h6 Rh4 59. h7 c2 60. g6 Kd2 61. Kf6 1-0

[Event "Moscow op-A 15th"]
[Site "Moscow"]
[Date "2019.01.26"]
[Round "1"]
[White "Muslimov, Evgeny"]
[Black "Korneev, Oleg"]
[Result "0-1"]
[WhiteElo "2244"]
[BlackElo "2545"]
[PlyCount "84"]
[EventDate "2019.01.26"]
[EventType "swiss"]
[EventRounds "9"]
[EventCountry "RUS"]
[SourceTitle "CBM 188 Extra"]
[Source "ChessBase"]
[SourceDate "2019.02.26"]
[SourceVersion "1"]
[SourceVersionDate "2019.02.26"]
[SourceQuality "1"]

1. d4 d5 2. Nf3 Nf6 3. c4 c6 4. e3 Bf5 5. Qb3 Qb6 6. c5 Qc7 7. Nc3 Nbd7 8. Be2 e5 9. Qd1 a5 10. b3 e4 11. Nd2 b6 12. cxb6 Nxb6 13. Bb2 Bd6 14. h3 0-0 15. Qc2 Rfc8 16. Na4 Nxa4 17. bxa4 Qe7 18. Nb3 Nd7 19. Kf1 Bg6 20. Rc1 h5 21. Qd2 h4 22. Nxa5 Bb4 23. Bc3 Bxc3 24. Qxc3 c5 25. Bb5 cxd4 26. Nc6 Qd6 27. exd4 f5 28. g3 Be8 29. Qe3 Nb6 30. Ne5 Rxc1+ 31. Qxc1 hxg3 32. Bxe8 Rxe8 33. a5 Nc4 34. Nxc4 Qc6 35. Rg1 gxf2 36. Kxf2 dxc4 37. Qg5 e3+ 38. Ke2 Qd7 39. d5 c3 40. a4 c2 41. Rc1 Qc7 42. Qxf5 Qh2+ 0-1

[Event "Aktyubinsk Mayor's Cup"]
[Site "Aktyubinsk"]
[Date "2015.01.09"]
[Round "11"]
[White "Muslimov, Evgeny"]
[Black "Kuanova, Ilmira"]
[Result "1-0"]
[WhiteElo "2233"]
[BlackElo "1775"]
[PlyCount "25"]
[EventDate "2015.01.03"]
[EventType "tourn"]
[EventRounds "11"]
[EventCountry "RUS"]
[SourceTitle "CBM 164 Extra"]
[Source "ChessBase"]
[SourceDate "2015.03.02"]
[SourceVersion "1"]
[SourceVersionDate "2015.03.02"]
[SourceQuality "1"]

1. Nf3 e6 2. c4 d5 3. d4 c5 4. cxd5 Qxd5 5. Nc3 Qd8 6. Bf4 a6 7. d5 Qb6 8. Qd2 Bd7 9. e4 Ne7 10. 0-0-0 Ng6 11. dxe6 Qxe6 12. Nd5 Bd6 13. e5 1-0

[Event "Aktyubinsk Mayor's Cup"]
[Site "Aktyubinsk"]
[Date "2015.01.08"]
[Round "10"]
[White "Afanasiev, Alexei A"]
[Black "Muslimov, Evgeny"]
[Result "0-1"]
[WhiteElo "1877"]
[BlackElo "2233"]
[PlyCount "74"]
[EventDate "2015.01.03"]
[EventType "tourn"]
[EventRounds "11"]
[EventCountry "RUS"]
[SourceTitle "CBM 164 Extra"]
[Source "ChessBase"]
[SourceDate "2015.03.02"]
[SourceVersion "1"]
[SourceVersionDate "2015.03.02"]
[SourceQuality "1"]

1. d4 d5 2. Nc3 c6 3. e4 dxe4 4. Nxe4 Bf5 5. Ng3 Bg6 6. Nf3 Nd7 7. c3 Qc7 8. Be3 Ngf6 9. Qd2 Nd5 10. h4 h6 11. Bd3 Bxd3 12. Qxd3 e6 13. Bd2 Nf4 14. Bxf4 Qxf4 15. Qe3 Qc7 16. Ne4 0-0-0 17. 0-0-0 Be7 18. Kb1 Rhe8 19. g3 c5 20. Rhe1 cxd4 21. Qxd4 Nc5 22. Qc4 Nxe4 23. Qxe4 Bc5 24. Nd4 g6 25. Qf3 h5 26. Nb3 Bb6 27. Nd2 f5 28. Re2 e5 29. Rde1 e4 30. Qh1 Rd3 31. Nf1 Red8 32. Ne3 Bxe3 33. Rxe3 Rd2 34. R3e2 Qb6 35. b3 Qa6 36. Rxd2 Rxd2 37. a4 Qd3+ 0-1

[Event "Aktyubinsk Mayor's Cup"]
[Site "Aktyubinsk"]
[Date "2015.01.05"]
[Round "5"]
[White "Popova, Dariya"]
[Black "Muslimov, Evgeny"]
[Result "0-1"]
[WhiteElo "1482"]
[BlackElo "2233"]
[PlyCount "62"]
[EventDate "2015.01.03"]
[EventType "tourn"]
[EventRounds "11"]
[EventCountry "RUS"]
[SourceTitle "CBM 164 Extra"]
[Source "ChessBase"]
[SourceDate "2015.03.02"]
[SourceVersion "1"]
[SourceVersionDate "2015.03.02"]
[SourceQuality "1"]

1. e4 c5 2. Nf3 e6 3. d4 cxd4 4. Nxd4 a6 5. Be2 Nf6 6. Nc3 Qc7 7. 0-0 Nc6 8. Be3 Bb4 9. Bd3 0-0 10. f4 Bc5 11. Be2 Qb6 12. Na4 Bxd4 13. Nxb6 Bxe3+ 14. Kh1 Bxb6 15. Bd3 d6 16. c3 Bd7 17. h3 e5 18. Qf3 exf4 19. Qxf4 Ne5 20. Rad1 Rad8 21. Rfe1 Ba4 22. b3 Bc6 23. Bc2 h6 24. Kh2 Rfe8 25. g4 Bc7 26. Qg3 d5 27. Kg2 dxe4 28. Rxd8 Rxd8 29. Re2 Rd7 30. c4 Nd3 31. Qe3 Nf4+ 0-1

[Event "Aktyubinsk Mayor's Cup"]
[Site "Aktyubinsk"]
[Date "2015.01.04"]
[Round "2"]
[White "Muslimov, Evgeny"]
[Black "Nesytov, Artyom"]
[Result "1-0"]
[WhiteElo "2233"]
[BlackElo "1863"]
[PlyCount "73"]
[EventDate "2015.01.03"]
[EventType "tourn"]
[EventRounds "11"]
[EventCountry "RUS"]
[SourceTitle "CBM 164 Extra"]
[Source "ChessBase"]
[SourceDate "2015.03.02"]
[SourceVersion "1"]
[SourceVersionDate "2015.03.02"]
[SourceQuality "1"]

1. e4 c5 2. Nf3 a6 3. b3 b5 4. d4 cxd4 5. Nxd4 e5 6. Nf3 Nc6 7. Bb2 Qc7 8. Nc3 Bb4 9. a3 Bxc3+ 10. Bxc3 Nf6 11. Bd3 0-0 12. 0-0 Bb7 13. a4 b4 14. Bb2 Rad8 15. Qe2 a5 16. Rad1 Rfe8 17. Bc4 Nd4 18. Nxd4 exd4 19. Bxd4 Rxe4 20. Qd3 Rg4 21. f3 Rh4 22. g3 Rh6 23. Be3 Rg6 24. Qd6 Qxd6 25. Rxd6 Nd5 26. Rxd5 Bxd5 27. Bxd5 Rc8 28. Bc4 d5 29. Bxd5 Rd6 30. Bc4 Kf8 31. Re1 f6 32. h4 Rdc6 33. Kf2 Rd8 34. h5 Rdc8 35. Rd1 Ke7 36. Rd5 Ra8 37. Bc5+ 1-0

[Event "RUS-ch U26"]
[Site "Saratov"]
[Date "2013.09.30"]
[Round "7"]
[White "Muslimov, Evgeny"]
[Black "Bukavshin, Ivan"]
[Result "0-1"]
[WhiteElo "2117"]
[BlackElo "2539"]
[PlyCount "100"]
[EventDate "2013.09.24"]
[EventType "swiss"]
[EventRounds "9"]
[EventCountry "RUS"]
[SourceTitle "EXT 2015"]
[Source "ChessBase"]
[SourceDate "2014.11.20"]
[SourceVersion "1"]
[SourceVersionDate "2014.11.20"]
[SourceQuality "1"]

1. d4 Nf6 2. c4 e6 3. Nf3 d5 4. Nc3 c6 5. cxd5 exd5 6. Bg5 Be7 7. e3 Bf5 8. Bd3 Bxd3 9. Qxd3 Nbd7 10. 0-0 0-0 11. Bxf6 Nxf6 12. Rab1 a5 13. Ne5 Bd6 14. f4 Bb4 15. a3 Bd6 16. Rf3 g6 17. Rbf1 Qe8 18. h3 b5 19. Ng4 Nxg4 20. hxg4 b4 21. Ne2 c5 22. dxc5 Bxc5 23. axb4 axb4 24. Qxd5 Bxe3+ 25. Kh1 Bb6 26. Ng3 Qd8 27. Qxd8 Raxd8 28. Re1 Rd4 29. Re4 Rfd8 30. Rxd4 Rxd4 31. Nf1 Rc4 32. b3 Rc3 33. Nd2 Kg7 34. g5 Be3 35. Nc4 Bc1 36. Rf1 Ba3 37. Na5 h5 38. gxh6+ Kxh6 39. Rf3 Bc1 40. f5 g5 41. Nc4 g4 42. Rf1 f6 43. Nd6 Bg5 44. Rb1 Kh5 45. Ne4 Re3 46. Nc5 g3 47. Na6 Re4 48. Kg1 Kg4 49. Kf1 Rf4+ 50. Ke1 Rf2 0-1

[Event "RUS-ch U26"]
[Site "Saratov"]
[Date "2013.09.25"]
[Round "2"]
[White "Muslimov, Evgeny"]
[Black "Matinian, Nikita"]
[Result "0-1"]
[WhiteElo "2117"]
[BlackElo "2472"]
[PlyCount "130"]
[EventDate "2013.09.24"]
[EventType "swiss"]
[EventRounds "9"]
[EventCountry "RUS"]
[SourceTitle "EXT 2015"]
[Source "ChessBase"]
[SourceDate "2014.11.20"]
[SourceVersion "1"]
[SourceVersionDate "2014.11.20"]
[SourceQuality "1"]

1. d4 d6 2. c4 g6 3. Nc3 Bg7 4. Nf3 Bg4 5. h3 Bxf3 6. gxf3 Nd7 7. e3 e5 8. d5 Ngf6 9. b3 a6 10. Bb2 Qe7 11. Qd2 0-0 12. 0-0-0 a5 13. Kb1 Nc5 14. Nb5 Rfd8 15. Be2 c6 16. Na3 Na6 17. Nc2 Nc7 18. e4 Nh5 19. Ne1 Nf4 20. Nd3 Nxd3 21. Bxd3 Ne8 22. a3 Nf6 23. Bc3 Qc7 24. Kb2 Nh5 25. Rc1 Nf4 26. Rc2 h5 27. Bf1 Kh7 28. Be2 Bh6 29. Qe1 Rdb8 30. a4 Re8 31. Bf1 Qb6 32. Qe3 Nxd5 33. Qxb6 Nxb6 34. Be2 Nd7 35. Rd1 Bf8 36. Rcd2 Nc5 37. Rxd6 Bxd6 38. Rxd6 Kg7 39. Kc2 Re6 40. Rxe6 Nxe6 41. Bxe5+ f6 42. Bd6 Nd4+ 43. Kd3 Nxe2 44. Kxe2 Kf7 45. f4 Ke6 46. Bc5 h4 47. f3 Rh8 48. Bb6 Rh5 49. Ke3 f5 50. Bd8 fxe4 51. fxe4 b5 52. cxb5 cxb5 53. Kd4 bxa4 54. bxa4 Rh8 55. Bb6 Rb8 56. Kc5 Rc8+ 57. Kd4 Rc2 58. Bxa5 Rh2 59. Bc7 Rxh3 60. a5 Ra3 61. Kc4 Kd7 62. Bb8 Rxa5 63. f5 gxf5 64. exf5 h3 65. Kd4 Ra2 0-1

[Event "Astrakhan op"]
[Site "Astrakhan"]
[Date "2013.08.15"]
[Round "2"]
[White "Muslimov, Evgeny"]
[Black "Sokolov, Vladimir"]
[Result "1/2-1/2"]
[WhiteElo "2124"]
[BlackElo "2310"]
[PlyCount "80"]
[EventDate "2013.08.14"]
[EventType "swiss"]
[EventRounds "9"]
[EventCountry "RUS"]
[SourceTitle "CBM 156 Extra"]
[Source "ChessBase"]
[SourceDate "2013.10.22"]
[SourceVersion "1"]
[SourceVersionDate "2013.10.22"]
[SourceQuality "1"]

1. e4 c6 2. d4 d5 3. exd5 cxd5 4. Bd3 Nf6 5. c3 Nc6 6. Bf4 Bg4 7. Qb3 Qd7 8. Nd2 e6 9. Ngf3 Be7 10. Ne5 Qc8 11. Nxg4 Nxg4 12. 0-0 h5 13. Nf3 Rg8 14. c4 Nf6 15. Bg5 Qd7 16. Ne5 Qc7 17. cxd5 Nxe5 18. dxe5 Nxd5 19. Bxe7 Qxe7 20. Qa4+ Kf8 21. Be4 Nb6 22. Qb5 g6 23. a4 Kg7 24. a5 Qd7 25. Qb3 Nd5 26. Rfd1 Rgd8 27. Rac1 Rac8 28. g3 Rc6 29. Ra1 Rc5 30. Bxd5 exd5 31. Qb4 Qc7 32. Qf4 Qc6 33. Qd4 Kg8 34. b4 Rc4 35. Qxa7 Rxb4 36. Rac1 Qd7 37. Rb1 Qb5 38. Rxb4 Qxb4 39. Qb6 Qxb6 40. axb6 d4 1/2-1/2

[Event "Saratov Autumn Higher School Realty"]
[Site "Saratov"]
[Date "2012.09.27"]
[Round "7.3"]
[White "Brekhov, Denis"]
[Black "Muslimov, Evgeny"]
[Result "1/2-1/2"]
[WhiteElo "1963"]
[BlackElo "2138"]
[PlyCount "125"]
[EventDate "2012.09.20"]
[EventType "swiss"]
[EventRounds "9"]
[EventCountry "RUS"]
[SourceTitle "EXT 2022"]
[Source "ChessBase"]
[SourceDate "2021.10.06"]
[SourceVersion "1"]
[SourceVersionDate "2021.10.06"]
[SourceQuality "1"]

1. e4 c6 2. d4 d5 3. e5 Bf5 4. Nc3 e6 5. g4 Bg6 6. Nge2 c5 7. h4 h5 8. Nf4 Bh7 9. Nxh5 Nc6 10. Bb5 Nge7 11. Bh6 Rg8 12. dxc5 Qc7 13. Qe2 a6 14. Bxc6+ Nxc6 15. 0-0-0 Qxe5 16. Be3 d4 17. Bxd4 Qxe2 18. Nxe2 Nxd4 19. Nxd4 Bxc5 20. Rhe1 0-0-0 21. c3 Kb8 22. f3 Bxd4 23. Rxd4 Rxd4 24. cxd4 Rc8+ 25. Kd1 g5 26. hxg5 Rd8 27. Nf6 Rxd4+ 28. Ke2 Bg6 29. Rc1 a5 30. a3 b6 31. Ke3 Rd3+ 32. Kf4 Rb3 33. Nd7+ Kb7 34. Ne5 Rxb2 35. Nxg6 fxg6 36. Re1 Rb3 37. Rxe6 Rxa3 38. Rxg6 Rc3 39. Re6 a4 40. g6 Rc7 41. Kg5 a3 42. Re3 a2 43. Ra3 Rc5+ 44. Kh6 Ra5 45. Rxa2 Rxa2 46. g7 Ra8 47. f4 b5 48. f5 b4 49. f6 b3 50. f7 Ra6+ 51. Kg5 b2 52. f8Q Ra5+ 53. Kf6 Ra6+ 54. Ke5 Ra5+ 55. Kd6 b1Q 56. Qf3+ Ka7 57. g8Q Qb4+ 58. Kd7 Qd4+ 59. Ke7 Qc5+ 60. Kf7 Qc4+ 61. Kf8 Qc8+ 62. Kf7 Qc4+ 63. Kf8 1/2-1/2

[Event "Saratov Autumn Higher School Realty"]
[Site "Saratov"]
[Date "2012.09.21"]
[Round "2.3"]
[White "Muslimov, Evgeny"]
[Black "Alimov, Ravil"]
[Result "1-0"]
[WhiteElo "2138"]
[BlackElo "1930"]
[PlyCount "141"]
[EventDate "2012.09.20"]
[EventType "swiss"]
[EventRounds "9"]
[EventCountry "RUS"]
[SourceTitle "EXT 2022"]
[Source "ChessBase"]
[SourceDate "2021.10.06"]
[SourceVersion "1"]
[SourceVersionDate "2021.10.06"]
[SourceQuality "1"]

1. Nf3 Nc6 2. d4 d5 3. Bf4 Bf5 4. c3 e6 5. e3 Bd6 6. Nbd2 Nf6 7. Be2 0-0 8. 0-0 Nd7 9. Bxd6 cxd6 10. c4 dxc4 11. Nxc4 d5 12. Ncd2 Qb6 13. Qb3 Rfc8 14. Rfc1 Nb4 15. Rxc8+ Rxc8 16. a3 Nd3 17. Bxd3 Qxb3 18. Nxb3 Bxd3 19. Rc1 Rxc1+ 20. Nxc1 Bb5 21. Ne5 f6 22. Nxd7 Bxd7 23. Kf1 Kf7 24. Ke2 a5 25. h4 Ke7 26. Kd2 Bb5 27. Na2 Kd6 28. Nc3 Bc6 29. f4 h6 30. Ke2 b6 31. Kf3 Be8 32. g3 Kc6 33. g4 Bg6 34. g5 Bh5+ 35. Kg3 f5 36. Kf2 Be8 37. Ke1 h5 38. Kd2 g6 39. Ne2 Kd6 40. Ng1 Kc6 41. Kc3 Kb5 42. b3 Ka6 43. a4 Kb7 44. Nf3 b5 45. axb5 Kb6 46. Kb2 Kxb5 47. Ka3 Kb6 48. Ne5 Kc7 49. Nd3 Kd6 50. b4 axb4+ 51. Kxb4 Kc6 52. Ka5 Kc7 53. Ka6 Bd7 54. Ne5 Be8 55. Ka7 Kc8 56. Kb6 Kb8 57. Nc6+ Kc8 58. Kc5 Kd7 59. Kb6 Kc8 60. Ne5 Kb8 61. Nd3 Kc8 62. Kc5 Kd7 63. Kb6 Kd8 64. Nc5 Ke7 65. Kc7 Bb5 66. Nb7 Ba4 67. Nd6 Bd7 68. Nc8+ Ke8 69. Nb6 Bb5 70. Kd6 Kf7 71. Nd7 1-0

[Event "Saratov Summer Cup SSEU 3st stage"]
[Site "Saratov"]
[Date "2012.08.03"]
[Round "7.3"]
[White "Muslimov, Evgeny"]
[Black "Izbosarov, Marat"]
[Result "1/2-1/2"]
[WhiteElo "2138"]
[BlackElo "1980"]
[PlyCount "80"]
[EventDate "2012.07.23"]
[EventType "swiss"]
[EventRounds "7"]
[EventCountry "RUS"]
[SourceTitle "EXT 2022"]
[Source "ChessBase"]
[SourceDate "2021.10.06"]
[SourceVersion "1"]
[SourceVersionDate "2021.10.06"]
[SourceQuality "1"]

1. b3 Nf6 2. Bb2 d6 3. e3 g6 4. Bxf6 exf6 5. g3 Bg7 6. d4 0-0 7. Bg2 f5 8. Ne2 Nd7 9. 0-0 Nf6 10. c4 c6 11. Nbc3 Re8 12. Qc2 Bd7 13. b4 a6 14. c5 a5 15. a3 Be6 16. Nf4 Bc4 17. Rfb1 axb4 18. axb4 d5 19. Rxa8 Qxa8 20. b5 Ne4 21. Nxe4 fxe4 22. Bf1 g5 23. bxc6 bxc6 24. Nh3 Bxf1 25. Kxf1 g4 26. Nf4 Rb8 27. Rxb8+ Qxb8 28. Qa4 Qc8 29. Kg2 Bf6 30. h3 Bg5 31. hxg4 Bxf4 32. exf4 Qxg4 33. Qxc6 Qf3+ 34. Kg1 Qd1+ 35. Kh2 Qh5+ 36. Kg1 Qd1+ 37. Kg2 Qf3+ 38. Kg1 Qd1+ 39. Kg2 Qf3+ 40. Kg1 Qd1+ 1/2-1/2

[Event "Saratov Summer Cup SSEU 3st stage"]
[Site "Saratov"]
[Date "2012.07.30"]
[Round "5.3"]
[White "Muslimov, Evgeny"]
[Black "Smirnov, Alexandr A"]
[Result "1/2-1/2"]
[WhiteElo "2138"]
[BlackElo "2170"]
[PlyCount "44"]
[EventDate "2012.07.23"]
[EventType "swiss"]
[EventRounds "7"]
[EventCountry "RUS"]
[SourceTitle "EXT 2022"]
[Source "ChessBase"]
[SourceDate "2021.10.06"]
[SourceVersion "1"]
[SourceVersionDate "2021.10.06"]
[SourceQuality "1"]

1. c4 Nf6 2. Nc3 c6 3. e4 d5 4. e5 d4 5. exf6 dxc3 6. bxc3 exf6 7. d4 Bd6 8. Bd3 0-0 9. Ne2 Bg4 10. f3 Bh5 11. 0-0 Re8 12. Nf4 Bg6 13. Nxg6 hxg6 14. Qb3 Qc7 15. g3 Bxg3 16. hxg3 Qxg3+ 17. Kh1 Re5 18. dxe5 Qh3+ 19. Kg1 Qg3+ 20. Kh1 Qh3+ 21. Kg1 Qg3+ 22. Kh1 Qh3+ 1/2-1/2

[Event "Saratov 08+"]
[Site "Saratov"]
[Date "2011.08.20"]
[Round "7"]
[White "Rjanova, Valery"]
[Black "Muslimov, Evgeny"]
[Result "1/2-1/2"]
[WhiteElo "2171"]
[BlackElo "2141"]
[PlyCount "61"]
[EventDate "2011.08.14"]
[EventType "tourn"]
[EventRounds "11"]
[EventCountry "RUS"]
[SourceTitle "CBM 144 Extra"]
[Source "ChessBase"]
[SourceDate "2011.10.28"]
[SourceVersion "1"]
[SourceVersionDate "2011.10.28"]
[SourceQuality "1"]

1. d4 d5 2. c4 e6 3. Nc3 Nf6 4. Nf3 Be7 5. Bg5 0-0 6. e3 c6 7. Bd3 dxc4 8. Bxc4 b5 9. Bd3 a6 10. 0-0 Bb7 11. h3 Nbd7 12. Rc1 c5 13. dxc5 Nxc5 14. Bb1 Rc8 15. Qe2 Qb6 16. Rfd1 Rfd8 17. b3 Kf8 18. Kf1 Nd5 19. Nxd5 Bxd5 20. Bxe7+ Kxe7 21. Kg1 Be4 22. Rxd8 Rxd8 23. Bxe4 Nxe4 24. Qc2 Nd6 25. Qc7+ Qxc7 26. Rxc7+ Rd7 27. Rxd7+ Kxd7 28. Ne5+ Ke8 29. Kf1 f6 30. Nd3 Kd7 31. Ke2 1/2-1/2

[Event "Saratov 08+"]
[Site "Saratov"]
[Date "2011.08.16"]
[Round "3"]
[White "Dvoryadkin, Maksim"]
[Black "Muslimov, Evgeny"]
[Result "0-1"]
[WhiteElo "1918"]
[BlackElo "2141"]
[PlyCount "150"]
[EventDate "2011.08.14"]
[EventType "tourn"]
[EventRounds "11"]
[EventCountry "RUS"]
[SourceTitle "CBM 144 Extra"]
[Source "ChessBase"]
[SourceDate "2011.10.28"]
[SourceVersion "1"]
[SourceVersionDate "2011.10.28"]
[SourceQuality "1"]

1. d4 d5 2. c4 dxc4 3. Nf3 c5 4. e3 Nc6 5. Bxc4 cxd4 6. Nxd4 Nxd4 7. exd4 Nf6 8. 0-0 a6 9. a4 e6 10. Nc3 Bd6 11. Bb3 0-0 12. Bg5 Be7 13. Bf4 Qa5 14. Qc2 Bd7 15. Ne4 Rac8 16. Nxf6+ Bxf6 17. Qd3 Bc6 18. Rfd1 Rfd8 19. Be3 Bd5 20. Bxd5 Qxd5 21. f4 g6 22. b3 Rc7 23. Kf2 Rdc8 24. Rac1 Rxc1 25. Bxc1 Rd8 26. Be3 h5 27. Qc4 Qf5 28. Qd3 Qa5 29. Qc4 h4 30. Rd2 h3 31. Qc5 Rd5 32. Qxa5 Rxa5 33. gxh3 b5 34. axb5 Rxb5 35. Rd3 Kf8 36. Kf3 Ke7 37. Ke4 Kd6 38. Bc1 Bg7 39. Ba3+ Kd7 40. Bc1 Bf8 41. Bd2 Bd6 42. Be1 Rf5 43. Bd2 Rd5 44. Be1 Bf8 45. Bd2 Bg7 46. Bc3 Rh5 47. Rg3 Rb5 48. b4 Bf6 49. Bd2 Be7 50. Ra3 Rb6 51. Ra5 Kc6 52. Kd3 Kb7 53. Kc4 Rc6+ 54. Kd3 Bd8 55. Rc5 Be7 56. Rxc6 Kxc6 57. Kc4 Bh4 58. Be3 Be1 59. Bc1 Bf2 60. Bd2 Bg1 61. Bc1 Bxh2 62. Bd2 Bg1 63. Bc1 Kd6 64. Bd2 Bf2 65. Kd3 Kd5 66. Bc3 Bg3 67. Bd2 Bh4 68. Bc3 Bf6 69. Bb2 Bd8 70. Bc3 Bc7 71. Bd2 Bd6 72. h4 f5 73. b5 axb5 74. Be3 Be7 75. Bf2 Bf6 0-1

[Event "Saratov 08+"]
[Site "Saratov"]
[Date "2011.08.14"]
[Round "1"]
[White "Nurdinov, Iliya"]
[Black "Muslimov, Evgeny"]
[Result "0-1"]
[WhiteElo "1802"]
[BlackElo "2141"]
[PlyCount "100"]
[EventDate "2011.08.14"]
[EventType "tourn"]
[EventRounds "11"]
[EventCountry "RUS"]
[SourceTitle "CBM 144 Extra"]
[Source "ChessBase"]
[SourceDate "2011.10.28"]
[SourceVersion "1"]
[SourceVersionDate "2011.10.28"]
[SourceQuality "1"]

1. d4 Nf6 2. Nf3 e6 3. Bg5 c5 4. c3 Nc6 5. e3 Be7 6. Bd3 cxd4 7. cxd4 Qb6 8. Bxf6 gxf6 9. Qd2 f5 10. Nc3 d6 11. e4 fxe4 12. Bxe4 d5 13. Bc2 Bd7 14. Ba4 Rg8 15. g3 0-0-0 16. 0-0-0 Bb4 17. Kb1 Kb8 18. a3 Be7 19. Bxc6 Bxc6 20. Ka2 f6 21. Rhe1 Be8 22. Nh4 Qd6 23. Qe2 Bf7 24. Ng2 Rge8 25. Nf4 Bf8 26. Qf3 Qc6 27. Qd3 Bg8 28. f3 a6 29. Re2 e5 30. Ng2 e4 31. Qe3 exf3 32. Qxf3 Qc4+ 33. Kb1 Qb3 34. Rd3 Qc4 35. Rc2 Rc8 36. Rdd2 Qb3 37. Qxf6 Rc6 38. Qf2 Bxa3 39. Nd1 Rxc2 40. Rxc2 Bd6 41. Nc3 h5 42. Re2 Bh7+ 43. Kc1 Rc8 44. Nf4 Rxc3+ 45. bxc3 Ba3+ 46. Kd2 Qc2+ 47. Ke3 Qxc3+ 48. Nd3 Qxd3+ 49. Kf4 Qf5+ 50. Ke3 Bc1+ 0-1

[Event "Saratov Region-ch"]
[Site "Saratov"]
[Date "2011.06.04"]
[Round "4"]
[White "Muslimov, Evgeny"]
[Black "Polyakov, Denis"]
[Result "1-0"]
[WhiteElo "2102"]
[BlackElo "1798"]
[PlyCount "57"]
[EventDate "2011.06.01"]
[EventType "swiss"]
[EventRounds "9"]
[EventCountry "RUS"]
[SourceTitle "EXT 2012"]
[Source "ChessBase"]
[SourceDate "2011.11.24"]
[SourceVersion "1"]
[SourceVersionDate "2011.11.24"]
[SourceQuality "1"]

1. c4 Nf6 2. Nc3 e6 3. e3 d5 4. Nf3 c6 5. b3 Nbd7 6. Be2 Bd6 7. 0-0 0-0 8. Nd4 c5 9. Nf3 b6 10. cxd5 exd5 11. d4 Bb7 12. Bb2 a6 13. Rc1 Re8 14. Bd3 Bf8 15. h3 Ne4 16. dxc5 Nxc3 17. Bxc3 bxc5 18. Bb2 Qb6 19. Bf5 Nf6 20. Qc2 g6 21. Bd3 Rac8 22. Rfd1 Bg7 23. Be2 Ne4 24. Bxg7 Kxg7 25. Nd2 d4 26. Nxe4 Bxe4 27. Qb2 Rcd8 28. Rc4 Bd5 29. Ra4 1-0

[Event "Saratov-ch"]
[Site "Saratov"]
[Date "2011.03.05"]
[Round "9"]
[White "Muslimov, Evgeny"]
[Black "Tomnikova, Lidia"]
[Result "1-0"]
[WhiteElo "2102"]
[BlackElo "2138"]
[PlyCount "179"]
[EventDate "2011.02.24"]
[EventType "swiss"]
[EventRounds "9"]
[EventCountry "RUS"]
[SourceTitle "CBM 141 Extra"]
[Source "ChessBase"]
[SourceDate "2011.05.03"]
[SourceVersion "1"]
[SourceVersionDate "2011.05.03"]
[SourceQuality "1"]

1. Nf3 Nc6 2. d4 d5 3. Bf4 Bg4 4. Nbd2 Nf6 5. h3 Bf5 6. c3 e6 7. e3 Bd6 8. Bxd6 cxd6 9. Be2 0-0 10. 0-0 h6 11. c4 dxc4 12. Nxc4 b5 13. Ncd2 a6 14. a4 b4 15. Rc1 Na5 16. Nb3 Ne4 17. Bd3 Qb6 18. Nxa5 Qxa5 19. Qb3 Rfc8 20. Rc2 d5 21. Rfc1 Nc3 22. Ne1 Ne2+ 23. Bxe2 Bxc2 24. Rxc2 Rxc2 25. Nxc2 Rb8 26. Ne1 Qb6 27. Nd3 a5 28. Nc5 Qd6 29. f4 g5 30. fxg5 hxg5 31. Bf3 Qg3 32. Qd3 Kg7 33. Qe2 Rh8 34. Qf2 Qd6 35. Be2 Rh6 36. Nd3 Rf6 37. Bf3 Qc7 38. Ne5 Qc1+ 39. Kh2 b3 40. Nd3 Qc2 41. Qxc2 bxc2 42. Nc1 Rh6 43. Kg1 Rh8 44. Kf2 f5 45. Ke2 Rb8 46. b3 Kf6 47. Kd2 Rg8 48. Kxc2 g4 49. hxg4 fxg4 50. Be2 Kf5 51. Nd3 Rh8 52. Ne5 g3 53. b4 axb4 54. a5 Ra8 55. a6 Ke4 56. Kd2 Kf5 57. Bd3+ Kg5 58. Kc2 Kf6 59. Kb3 Ke7 60. Kxb4 Kd6 61. Kc3 Kc7 62. Kd2 Rf8 63. Ng4 Rg8 64. Be2 Rb8 65. e4 dxe4 66. Nf6 Rb2+ 67. Ke3 Rb3+ 68. Kxe4 Rb2 69. Bf3 Ra2 70. Nh5 Rxa6 71. Nxg3 Kd6 72. Ne2 Ra5 73. Nc3 Rg5 74. g4 Ra5 75. Be2 Ra1 76. Bf3 Ra5 77. Kd3 Ra3 78. g5 Ra5 79. g6 Ke7 80. Be4 Kf6 81. Kc4 Rg5 82. Na4 Rg4 83. Nc5 Ke7 84. Kd3 Kd6 85. Ke3 e5 86. Nb7+ Ke6 87. d5+ Kf6 88. d6 Rg3+ 89. Kf2 Rc3 90. d7 1-0